Catálogo

Histología con correlaciones funcionales y clínicas / (Registro nro. 70113)

Detalles MARC
000 -LEADER
fixed length control field 01375nam a2200361 i 4500
001 - CONTROL NUMBER
control field 70113
003 - CONTROL NUMBER IDENTIFIER
control field Mx-PuUPA
005 - DATE AND TIME OF LATEST TRANSACTION
control field 20230614144537.0
008 - FIXED-LENGTH DATA ELEMENTS--GENERAL INFORMATION
fixed length control field 230614s2023 sp a fr 000 0 spa d
017 ## - COPYRIGHT OR LEGAL DEPOSIT NUMBER
Copyright or legal deposit number M-21656-2022
020 ## - INTERNATIONAL STANDARD BOOK NUMBER
International Standard Book Number 9788418892882
040 ## - CATALOGING SOURCE
Original cataloging agency Mx-PuUPA
Language of cataloging spa
Transcribing agency Mx-PuUPA
Modifying agency Mx-PuUPA
Description conventions rda
041 0# - LANGUAGE CODE
Language code of text/sound track or separate title spa
100 1# - MAIN ENTRY--PERSONAL NAME
Personal name Cui, Dongmei,
Titles and words associated with a name Dr.
9 (RLIN) 14307
Relator term autor
245 10 - TITLE STATEMENT
Title Histología con correlaciones funcionales y clínicas /
Statement of responsibility, etc. Dongmei Cui, William P. Daley, Edar R. Meyer [y otros dos] ; consultores y colaboradores experytos, John P. Naftel, [y otros dos] ; ilustradores, Michael P. Schenk [y otros seis]
250 ## - EDITION STATEMENT
Edition statement 2a. edición
264 #1 - PRODUCTION, PUBLICATION, DISTRIBUTION, MANUFACTURE, AND COPYRIGHT NOTICE
Place of production, publication, distribution, manufacture Barcelona, España :
Name of producer, publisher, distributor, manufacturer Wolters Kluwer,
Date of production, publication, distribution, manufacture, or copyright notice 2023
300 ## - PHYSICAL DESCRIPTION
Extent xiv, 546 páginas :
Other physical details ilustraciones, tablas ;
Dimensions 28 cm
336 ## - CONTENT TYPE
Fuente rdacontent
Content type term texto
Content type code txt
337 ## - MEDIA TYPE
Source rdamedia
Media type term sin medio
Media type code n
338 ## - CARRIER TYPE
Source rdacarrier
Carrier type term volumen
Carrier type code nc
650 #7 - SUBJECT ADDED ENTRY--TOPICAL TERM
Source of heading or term armarc
Topical term or geographic name entry element Histología
Form subdivision Atlas
650 #7 - SUBJECT ADDED ENTRY--TOPICAL TERM
Source of heading or term armarc
Topical term or geographic name entry element Histopatología
Form subdivision Atlas
700 1# - ADDED ENTRY--PERSONAL NAME
Personal name Daley, William P.,
Relator term autor
700 1# - ADDED ENTRY--PERSONAL NAME
Personal name Meyer, Edar R.,
Relator term autor
700 1# - ADDED ENTRY--PERSONAL NAME
Personal name Naftel, John P.,
Relator term consultor
700 1# - ADDED ENTRY--PERSONAL NAME
Personal name Schenk, Michael P.,
Relator term ilustrador
942 ## - ADDED ENTRY ELEMENTS (KOHA)
Source of classification or shelving scheme Dewey Decimal Classification
Koha item type Libro
Classification part 611.018
Item part C966
Existencias
Withdrawn status Lost status Source of classification or shelving scheme Damaged status Not for loan Collection code Home library Current library Shelving location Date acquired Source of acquisition Cost, normal purchase price Total Checkouts Full call number Barcode Date last seen Date last checked out Cost, replacement price Price effective from Koha item type
    Dewey Decimal Classification     General Biblioteca Karol Wojtyla Biblioteca Karol Wojtyla Sala general 12/06/2023 1 1300.00 2 611.018 C966 2023 103528 28/04/2026 01/10/2025 1300.00 12/06/2023 Reserva permanente